| Tag |
First Indicator |
Second Indicator |
Subfields |
| LEADER |
00000cam a2200000 4500 |
| 001 |
in00000051725 |
| 005 |
20151007073955.0 |
| 008 |
760422s1965 nyu b 00000 engx |
| 010 |
|
|
|a 65028622
|
| 035 |
|
|
|a (OCoLC)02130871
|
| 035 |
|
|
|9 AAF0719AM
|
| 040 |
|
|
|a DLC
|c GAT
|d GAT
|d TXA
|d UtOrBLW
|
| 041 |
1 |
|
|a eng
|a rus
|
| 049 |
|
|
|a TXAM
|c 2 [427929]
|
| 050 |
|
0 |
|a QD461
|b .L5313
|
| 082 |
0 |
|
|a 541.28
|
| 092 |
|
|
|a 541.28
|b L566m, 1965
|
| 110 |
1 |
|
|a Leningrad.
|b Universitet.
|
| 245 |
1 |
0 |
|a Methods of quantum chemistry /
|c [Edited by] M. G. Veselov. Translated by Scripta Technica, inc. Translation editor: S. Chomet.
|
| 264 |
|
1 |
|a New York :
|b Academic Press,
|c 1965.
|
| 300 |
|
|
|a xi, 181 pages ;
|c 24 cm.
|
| 336 |
|
|
|a text
|b txt
|2 rdacontent
|
| 337 |
|
|
|a unmediated
|b n
|2 rdamedia
|
| 338 |
|
|
|a volume
|b nc
|2 rdacarrier
|
| 500 |
|
|
|a Collection of articles by faculty members of Leningrad University.
|
| 500 |
|
|
|a Translation of : Voprosy kvantovoi khimii. (Romanized)
|
| 504 |
|
|
|a Includes bibliographies.
|
| 650 |
|
0 |
|a Quantum chemistry.
|
| 700 |
1 |
|
|a Veselov, M. G.
|
| 999 |
|
|
|a MARS
|
| 999 |
f |
f |
|s 4115554f-beea-36aa-b1ed-4ff5154e326d
|i 8c3e7eaa-04c6-3ebd-a9ac-622d82cac1f9
|t 0
|
| 952 |
f |
f |
|p ric
|a Texas A&M University
|b Rellis Campus
|c Joint Library Facility
|d Remote Storage
|t 0
|e QD461 .L5313
|h Library of Congress classification
|i unmediated -- volume
|m A14800935715
|
| 998 |
f |
f |
|a QD461 .L5313
|t 0
|l Remote Storage
|